[Event "Gibraltar Open"]
[Site "Caleta ENG"]
[Date "2012.01.28"]
[Round "5.104"]
[White "Marley, Andrew S G"]
[Black "Ranaivoharisoa, Alain"]
[Result "1-0"]
[WhiteElo "1889"]
[BlackElo "2135"]
[WhiteFideId "416975"]
[BlackFideId "13100025"]
[EventDate "2012.01.24"]

1. d4 Nf6 2. Nf3 e6 3. c4 b6 4. g3 Bb7 5. Bg2 Be7 6. Nc3 Ne4 7. Qc2 Nxc3 8. Qxc3
O-O 9. O-O c5 10. dxc5 bxc5 11. Bf4 Qb6 12. Rad1 d6 13. Nd2 Nc6 14. Ne4 Nd4 15.
Rfe1 Rad8 16. b3 h6 17. Bc1 f5 18. e3 Nf3+ 19. Bxf3 fxe4 20. Bg4 Rf6 21. Bb2 e5
22. Rd2 Rdf8 23. Kg2 g6 24. h4 h5 25. Bh3 Qc6 26. Qc2 Qe8 27. Kg1 Rf3 28. Bg2
Bxh4 29. gxh4 Qe6 30. Red1 Rd8 31. Kf1 Kf7 32. Ba3 d5 33. cxd5 Qa6+ 34. Kg1 Qxa3
35. Bxf3 exf3 36. Qe4 Qb4 37. Qxb4 cxb4 38. e4 Ke7 39. Rc1 Kd6 40. Rdc2 Rd7 41.
Rc5 g5 42. hxg5 Rg7 43. Rb5 Rxg5+ 44. Kh2 Rg2+ 45. Kh3 Rg7 46. Rxb4 Bxd5 47.
exd5 Kxd5 48. Rd1+ Ke6 49. Rd3 1-0

[Event "Gibraltar Open"]
[Site "Caleta ENG"]
[Date "2012.01.28"]
[Round "5.106"]
[White "Patola, Eero"]
[Black "Valgmae, Toomas"]
[Result "0-1"]
[WhiteElo "1939"]
[BlackElo "2208"]
[WhiteFideId "504092"]
[BlackFideId "4502523"]
[EventDate "2012.01.24"]

1. e4 e5 2. c4 Bc5 3. Nc3 d6 4. g3 Nc6 5. Bg2 f5 6. d3 Nf6 7. h3 O-O 8. Na4 Bb4+
9. Bd2 fxe4 10. dxe4 Be6 11. Bxb4 Nxb4 12. a3 Nc6 13. b3 Nd4 14. Nc3 Nd7 15.
Nce2 Qf6 16. f4 c5 17. Nxd4 cxd4 18. Ne2 Qh6 19. Qd2 Nc5 20. Rb1 d3 21. f5 Qxd2+
22. Kxd2 dxe2 23. b4 Bxc4 24. bxc5 dxc5 25. Rhc1 Rfd8+ 26. Ke1 b5 27. Bf3 Rd3
28. Bxe2 Re3 29. Rb2 Rxe4 30. Kf2 Rxe2+ 31. Rxe2 Bxe2 32. Kxe2 Rc8 33. Ke3 Kf7
34. Ke4 Kf6 35. g4 c4 36. h4 h6 37. Rg1 Rc5 38. g5+ hxg5 39. hxg5+ Ke7 40. Rc1
a5 41. Rb1 c3 42. Kd3 c2 43. Rc1 b4 44. axb4 axb4 45. Rxc2 e4+ 0-1

[Event "Gibraltar Open"]
[Site "Caleta ENG"]
[Date "2012.01.28"]
[Round "5.108"]
[White "Spence, David J"]
[Black "Henrichsen, Jens"]
[Result "1-0"]
[WhiteElo "2213"]
[BlackElo "1901"]
[WhiteFideId "407429"]
[BlackFideId "1401858"]
[EventDate "2012.01.24"]

1. e4 e6 2. d4 d5 3. Nc3 Nf6 4. e5 Nfd7 5. f4 c5 6. Nf3 Nc6 7. Be3 Be7 8. Qd2
O-O 9. dxc5 Nxc5 10. Nd4 Nxd4 11. Bxd4 b6 12. Be2 f6 13. Bf3 Bb7 14. exf6 Bxf6
15. O-O Bxd4+ 16. Qxd4 Qf6 17. Qxf6 Rxf6 18. g3 Rd8 19. Rad1 Rff8 20. Rd4 Rc8
21. Rf2 g6 22. h4 h5 23. Re2 Rfe8 24. Re5 Ne4 25. Bxe4 dxe4 26. Kf2 Re7 27. Ke3
Kf7 28. Rd2 Rec7 29. Nb5 Rxc2 30. Nd6+ Kf6 31. Rxc2 Rxc2 32. Nxb7 Rxb2 33. Nd6
Rxa2 34. Nxe4+ Kg7 35. Rxe6 b5 36. Re7+ Kf8 37. Rb7 1-0

[Event "Gibraltar Open"]
[Site "Caleta ENG"]
[Date "2012.01.28"]
[Round "5.109"]
[White "Zaky, Tamir"]
[Black "Dolgova, Olga"]
[Result "0-1"]
[BlackTitle "WIM"]
[WhiteElo "1882"]
[BlackElo "2206"]
[WhiteFideId "651451"]
[BlackFideId "4158296"]
[EventDate "2012.01.24"]

1. e4 c6 2. d4 d5 3. Nc3 dxe4 4. Nxe4 Bf5 5. Ng3 Bg6 6. h4 h6 7. h5 Bh7 8. Nf3
Nd7 9. Bd3 Bxd3 10. Qxd3 e6 11. Bd2 Ngf6 12. O-O-O Be7 13. Kb1 c5 14. Ne4 cxd4
15. Nxf6+ Bxf6 16. Nxd4 O-O 17. Bb4 Re8 18. Nb3 Ne5 19. Qe2 Qc7 20. Bd6 Qc4 21.
Qe1 Nc6 22. Rh3 Red8 23. Rhd3 a5 24. Nd2 Qb5 25. Rb3 Qxh5 26. Ne4 Bd4 27. g4 Qg6
28. Rxb7 f5 29. Rc7 fxe4 30. Rxc6 e5 31. Be7 Qxc6 32. Bxd8 Rxd8 33. Qxa5 Rc8 34.
c3 Bxf2 35. Qxe5 Re8 36. Qf4 e3 37. Rc1 Qg6+ 38. Ka1 Re4 39. Qb8+ Kh7 40. Qh2
Rxg4 0-1

[Event "Gibraltar Open"]
[Site "Caleta ENG"]
[Date "2012.01.28"]
[Round "5.110"]
[White "Conflitti, Alessandro"]
[Black "Zygouris, Hristos"]
[Result "0-1"]
[WhiteElo "1792"]
[BlackElo "2205"]
[WhiteFideId "843563"]
[BlackFideId "4200292"]
[EventDate "2012.01.24"]

1. e4 c6 2. d4 d5 3. exd5 cxd5 4. Bd3 Nc6 5. c3 Qc7 6. Bg5 Nf6 7. Nd2 Bg4 8. Qb3
e6 9. Ngf3 Be7 10. O-O O-O 11. Qc2 h6 12. Bh4 Rfc8 13. Rac1 a6 14. h3 Bxf3 15.
Nxf3 b5 16. Bg3 Bd6 17. Bxd6 Qxd6 18. Qe2 Nd7 19. Nh4 Nxd4 20. cxd4 Rxc1 21.
Rxc1 Qf4 22. Rc6 Qxh4 23. Rxe6 fxe6 24. Qxe6+ Kh8 25. Qxd7 Rf8 26. Qd6 Qxf2+ 27.
Kh2 Qf4+ 28. Qxf4 Rxf4 29. Bg6 Rxd4 0-1

[Event "Gibraltar Open"]
[Site "Caleta ENG"]
[Date "2012.01.28"]
[Round "5.113"]
[White "Campos Calvo-Sotelo, Juan"]
[Black "Gallach Perez, Yago"]
[Result "1-0"]
[WhiteElo "2028"]
[BlackElo "1843"]
[WhiteFideId "2251540"]
[BlackFideId "2237598"]
[EventDate "2012.01.24"]

1. b4 e5 2. a3 d5 3. e3 Nf6 4. c4 c5 5. cxd5 cxb4 6. axb4 Nxd5 7. Bb2 Nxb4 8.
Bxe5 N8c6 9. Bb2 Bf5 10. Na3 Bd3 11. Nf3 Bxf1 12. Kxf1 Qd3+ 13. Kg1 Rd8 14. Rc1
f6 15. h4 Be7 16. h5 h6 17. Rc3 Qd5 18. d4 O-O 19. Nh4 a6 20. Ng6 Rfe8 21. Nxe7+
Rxe7 22. Nc2 Nxc2 23. Qxc2 Nxd4 24. exd4 Re1+ 25. Kh2 Qxh5+ 26. Rh3 Re2 27. Qc4+ 1-0

[Event "Gibraltar Open"]
[Site "Caleta ENG"]
[Date "2012.01.28"]
[Round "5.114"]
[White "Kuenitz, Klaus"]
[Black "Pietinen, Pekka"]
[Result "1-0"]
[WhiteElo "1686"]
[BlackElo "2008"]
[WhiteFideId "4640713"]
[BlackFideId "502545"]
[EventDate "2012.01.24"]

1. d4 Nf6 2. c4 e6 3. Nf3 c5 4. Nc3 cxd4 5. Nxd4 a6 6. a3 Qc7 7. e4 b6 8. Be3
Bb7 9. f3 Bd6 10. g3 h5 11. Qd2 Nc6 12. Rd1 Bc5 13. Nxc6 Bxc6 14. b4 Bxe3 15.
Qxe3 d6 16. Qg5 Kf8 17. Qf4 e5 18. Qd2 Ke7 19. Rc1 Qb7 20. Be2 h4 21. g4 Ne8 22.
O-O f6 23. Rfd1 Rd8 24. b5 axb5 25. cxb5 Bd7 26. Nd5+ Kf7 27. Qe3 Rb8 28. Rc3 g5
29. Rdc1 Rc8 30. Rxc8 Bxc8 31. Nxb6 Be6 32. Rc6 Bd7 33. Nxd7 Qxd7 34. Qc3 Kg6
35. b6 Ng7 36. Rc7 Qa4 37. Qc4 Qxc4 38. Bxc4 Ne8 39. Bf7+ 1-0

[Event "Gibraltar Open"]
[Site "Caleta ENG"]
[Date "2012.01.28"]
[Round "5.115"]
[White "Salomon, Johan"]
[Black "Chidi, Lovinia Sylvia"]
[Result "1-0"]
[WhiteElo "2002"]
[BlackElo "1821"]
[WhiteFideId "1509500"]
[BlackFideId "1270574"]
[EventDate "2012.01.24"]

1. e4 c5 2. Nf3 d6 3. d4 cxd4 4. Nxd4 Nf6 5. Nc3 a6 6. Be2 e6 7. a4 Be7 8. O-O
Qc7 9. Kh1 Nc6 10. f4 Nxd4 11. Qxd4 b6 12. Be3 Rb8 13. Bf3 O-O 14. Qd2 Bb7 15.
f5 e5 16. g4 Rfd8 17. g5 Nd7 18. Bg2 Nc5 19. h4 f6 20. b4 Nd7 21. g6 Rbc8 22.
Ra3 Nf8 23. Qf2 d5 24. Bxb6 Qc4 25. Bxd8 Rxd8 26. gxh7+ Nxh7 27. Nxd5 Bxd5 28.
exd5 Bxb4 29. Rb3 Bc5 30. Qg3 Qxa4 31. Rfb1 1-0

[Event "Gibraltar Open"]
[Site "Caleta ENG"]
[Date "2012.01.28"]
[Round "5.116"]
[White "Reppen, Ellisiv"]
[Black "Pollo Mancilla, Ricardo"]
[Result "1-0"]
[WhiteElo "1948"]
[BlackElo "1450"]
[WhiteFideId "1504959"]
[BlackFideId "22228446"]
[EventDate "2012.01.24"]

1. e4 c6 2. d4 d5 3. Nc3 dxe4 4. Nxe4 Bf5 5. Ng3 Bg6 6. Nf3 Nd7 7. Bd3 Bxd3 8.
Qxd3 Qc7 9. O-O O-O-O 10. Qf5 Nf6 11. Bf4 Qb6 12. a4 e6 13. Qd3 Nd5 14. a5 Qb4
15. Bd2 Qd6 16. Ne4 Qc7 17. c4 Nf4 18. Qe3 Ng6 19. b4 f5 20. Neg5 f4 21. Qb3 Nf6
22. Nxe6 Qd7 23. Nxd8 Qxd8 24. b5 c5 25. dxc5 Bxc5 26. Bb4 Ne4 27. Bxc5 Nxc5 28.
Qc2 Qd7 29. Rfd1 Qg4 30. Rd5 Ne6 31. h3 1-0

[Event "Gibraltar Open"]
[Site "Caleta ENG"]
[Date "2012.01.28"]
[Round "5.119"]
[White "Randlov, Carsten"]
[Black "Pettersson, Anders1"]
[Result "0-1"]
[WhiteElo "1831"]
[BlackElo "2219"]
[WhiteFideId "1437542"]
[BlackFideId "1709771"]
[EventDate "2012.01.24"]

1. d4 d5 2. c4 e5 3. e3 exd4 4. exd4 Nf6 5. Nf3 Bb4+ 6. Bd2 Bxd2+ 7. Nbxd2 O-O
8. Be2 Nc6 9. O-O Re8 10. Re1 Bg4 11. c5 Ne4 12. Nb3 Qf6 13. a3 Re7 14. Qd3 Rae8
15. Rf1 a5 16. Bd1 a4 17. Nbd2 Nxd2 18. Nxd2 Bf5 19. Qb5 Nxd4 20. Qxa4 Bd3 21.
Nf3 Nxf3+ 22. Bxf3 Bxf1 23. Kxf1 Qxb2 24. Rd1 c6 25. g3 Qc3 0-1

[Event "Gibraltar Open"]
[Site "Caleta ENG"]
[Date "2012.01.28"]
[Round "5.123"]
[White "Marano, Salvatore"]
[Black "Rough, Robert E"]
[Result "1-0"]
[WhiteElo "1967"]
[BlackElo "1762"]
[WhiteFideId "814962"]
[BlackFideId "2403030"]
[EventDate "2012.01.24"]

1. e4 d6 2. Nc3 Nf6 3. Bc4 e5 4. d3 Be7 5. f4 O-O 6. Nf3 Nc6 7. a3 Bg4 8. h3
Bxf3 9. Qxf3 exf4 10. Bxf4 Ne5 11. Bxe5 dxe5 12. O-O-O Ne8 13. Rdf1 Nd6 14. Ba2
Kh8 15. Nd5 f5 16. exf5 Rxf5 17. Qg4 Rxf1+ 18. Rxf1 c6 19. Nc3 Bf6 20. Qe6 Qe7
21. Qg4 Rf8 22. Rf3 Bg5+ 23. Kd1 Rxf3 24. Qxf3 Qf6 25. Ke2 Qxf3+ 26. Kxf3 Bc1
27. Nd1 g6 28. a4 Kg7 29. b4 Bd2 30. c3 h5 31. Ke2 Bg5 32. g3 Be7 33. Ne3 g5 34.
Kf3 Kf6 35. Nd1 b6 36. Ne3 Bf8 37. Bg8 Be7 38. Bh7 Bf8 39. Be4 Nxe4 40. Kxe4 Ke6
41. g4 hxg4 42. hxg4 c5 43. b5 Bd6 44. Nc4 Bc7 45. Nd2 Bd8 46. Nf3 Bf6 47. c4
Kd7 48. Nxe5+ Kd6 49. Nc6 1-0

[Event "Gibraltar Open"]
[Site "Caleta ENG"]
[Date "2012.01.28"]
[Round "5.125"]
[White "Savage, Neil"]
[Black "Groffen, Hans"]
[Result "1/2-1/2"]
[WhiteElo "1645"]
[BlackElo "2204"]
[WhiteFideId "14304783"]
[BlackFideId "1004140"]
[EventDate "2012.01.24"]

1. e4 e6 2. d4 d5 3. Nc3 Nf6 4. Bg5 Bb4 5. e5 h6 6. Bc1 Bxc3+ 7. bxc3 Ne4 8. Qg4
g6 9. Ne2 Ng5 10. Ng3 f5 11. exf6 Qxf6 12. Bd3 O-O 13. Bxg5 hxg5 14. Qe2 Nc6 15.
O-O Bd7 16. Rab1 b6 17. Bb5 Rae8 18. Bxc6 Bxc6 19. Rbe1 Kg7 20. f4 gxf4 21. Qg4
Kg8 22. Re5 fxg3 23. Rxf6 gxh2+ 24. Kxh2 Rxf6 25. Qe2 Kg7 26. Kg1 a6 27. c4 dxc4
28. Qxc4 Bd5 29. Qxc7+ Rf7 30. Qxb6 Rc8 31. Re2 Rc6 1/2-1/2

[Event "Gibraltar Open"]
[Site "Caleta ENG"]
[Date "2012.01.28"]
[Round "5.126"]
[White "Whatley, Stephen A J"]
[Black "Kazmierczak, Ewa"]
[Result "1-0"]
[WhiteElo "1648"]
[BlackElo "1477"]
[WhiteFideId "420441"]
[BlackFideId "1154877"]
[EventDate "2012.01.24"]

1. d4 d5 2. Nf3 Nf6 3. Bg5 Ne4 4. Bf4 c5 5. e3 Qb6 6. Qc1 Nc6 7. c3 Bf5 8. Nh4
e6 9. Nxf5 exf5 10. Bd3 g6 11. Nd2 Bg7 12. O-O O-O 13. Bxe4 fxe4 14. dxc5 Qxc5
15. Nb3 Qb6 16. Rd1 Rfd8 17. Rd2 Rd7 18. Qd1 Rad8 19. h4 Ne7 20. h5 Nf5 21. hxg6
fxg6 22. Bg5 Bf6 23. Bxf6 Qxf6 24. Nc5 Rf7 25. Nxe4 Qe5 26. Ng5 Rfd7 27. Nf3 Qe7
28. Nd4 Nd6 29. Nf3 Nc4 30. Re2 Qg7 31. Qd4 Qxd4 32. Nxd4 a6 33. Rd1 Nd6 34. Ne6
Re8 35. Nf4 Ne4 36. Rxd5 Rxd5 37. Nxd5 Kf7 38. Rc2 Rd8 39. c4 b5 40. f3 Nd6 41.
c5 Nc4 42. e4 Rc8 43. b3 Na5 44. Nb4 Ke6 45. c6 g5 46. Nxa6 Rxc6 47. Rxc6+ Nxc6
48. Nc7+ Ke5 49. Nxb5 Kf4 50. Nc3 h5 51. Kf2 Nb4 52. Nd5+ Nxd5 53. exd5 Ke5 54.
f4+ gxf4 55. Kf3 1-0

[Event "Gibraltar Open"]
[Site "Caleta ENG"]
[Date "2012.01.29"]
[Round "6.8"]
[White "Koneru, Humpy"]
[Black "Short, Nigel D"]
[Result "0-1"]
[WhiteTitle "GM"]
[BlackTitle "GM"]
[WhiteElo "2589"]
[BlackElo "2677"]
[WhiteFideId "5008123"]
[BlackFideId "400025"]
[EventDate "2012.01.24"]

1. d4 Nc6 2. c4 e5 3. d5 Nce7 4. Nc3 Ng6 5. g3 a5 6. Bg2 Bc5 7. Na4 Bb4+ 8. Bd2
d6 9. Bxb4 axb4 10. b3 Bd7 11. Nb2 Ra3 12. Nf3 Qa8 13. Qb1 Nf6 14. O-O Bg4 15.
Nd1 O-O 16. Ne3 Qa5 17. Nc2 Bf5 18. Nfe1 Ra8 19. e4 Bxe4 20. Bxe4 Nxe4 21. Nxa3
Nd2 22. Qc2 bxa3 23. b4 Qxb4 24. Nd3 Qa5 25. Rfd1 Nf3+ 26. Kg2 Nd4 27. Qd2 Qa6
28. Nb4 Qxc4 29. Rac1 Qb5 30. Rxc7 h6 31. Qc3 Ra4 32. Rxd4 exd4 33. Qf3 Qe8 34.
Rxb7 Ne5 35. Qb3 Ra8 36. Na6 Qd8 37. Nc7 Rc8 38. Nb5 d3 39. Nxa3 d2 40. Nb1 Nc4
41. Qd3 Qa5 42. Re7 Qb4 43. Qf5 Rf8 44. Qc2 Rb8 45. Nc3 Qb2 0-1

[Event "Gibraltar Open"]
[Site "Caleta ENG"]
[Date "2012.01.29"]
[Round "6.10"]
[White "Laznicka, Viktor"]
[Black "El Debs, Felipe de Cresce"]
[Result "1/2-1/2"]
[WhiteTitle "GM"]
[BlackTitle "GM"]
[WhiteElo "2704"]
[BlackElo "2497"]
[WhiteFideId "316385"]
[BlackFideId "2106981"]
[EventDate "2012.01.24"]

1. d4 d5 2. c4 c6 3. Nc3 Nf6 4. e3 g6 5. Nf3 Bg7 6. Be2 O-O 7. O-O Qb6 8. b3 Bf5
9. a4 a5 10. Ba3 Re8 11. Rc1 Ne4 12. cxd5 Nxc3 13. Rxc3 cxd5 14. Rc5 Rd8 15. Bd3
Bxd3 16. Qxd3 Nc6 17. Rfc1 e6 18. R5c3 Rd7 19. h4 Qd8 20. g3 h5 21. Kg2 Bf6 22.
R3c2 Kg7 23. Qb5 Na7 24. Qe2 Rc8 25. Bc5 b6 26. Ba3 Rdc7 27. Ne5 Be7 28. Rxc7
Rxc7 29. Rxc7 Qxc7 30. Bxe7 Qxe7 31. Kh3 Qc7 32. g4 hxg4+ 33. Qxg4 Nc6 34. Qg5
Nxe5 35. dxe5 Qc1 36. Qf6+ Kg8 37. Qd8+ Kg7 38. Qxb6 Qh1+ 39. Kg3 Qg1+ 40. Kf3
Qd1+ 41. Kf4 Qe1 42. Kf3 1/2-1/2

[Event "Gibraltar Open"]
[Site "Caleta ENG"]
[Date "2012.01.29"]
[Round "6.15"]
[White "Gallagher, Joseph G."]
[Black "Gupta, Abhijeet"]
[Result "1/2-1/2"]
[WhiteTitle "GM"]
[BlackTitle "GM"]
[WhiteElo "2505"]
[BlackElo "2652"]
[WhiteFideId "1303422"]
[BlackFideId "5010608"]
[EventDate "2012.01.24"]

1. e4 e6 2. d4 d5 3. Nd2 c5 4. Ngf3 cxd4 5. exd5 Qxd5 6. Bc4 Qd6 7. O-O Nf6 8.
Nb3 Nc6 9. Nbxd4 Nxd4 10. Qxd4 Qxd4 11. Nxd4 Bd7 12. Bf4 Rc8 13. Bb3 Bc5 14.
Rad1 O-O 15. Rfe1 Rfd8 16. Bg5 h6 17. Bxf6 gxf6 18. Rd3 e5 19. Ne2 Bf5 20. Rf3
Bg6 21. Rxf6 Kg7 22. Rf3 Rd2 23. Ng3 f6 24. h4 Rcd8 25. h5 Bh7 26. Ne4 Bxe4 27.
Rxe4 Rxf2 28. Rg4+ Kh7 29. Rxf2 Rd2 30. Kh2 Rxf2 31. Bg8+ Kh8 32. Bd5 f5 33. Rg6
Be3 34. Rf6 e4 35. Rf8+ Kg7 36. Rf7+ Kh8 37. Rf8+ Kg7 38. Rf7+ 1/2-1/2

[Event "Gibraltar Open"]
[Site "Caleta ENG"]
[Date "2012.01.29"]
[Round "6.16"]
[White "Parligras, Mircea-Emilian"]
[Black "Al-Sayed, Mohammed"]
[Result "1/2-1/2"]
[WhiteTitle "GM"]
[BlackTitle "GM"]
[WhiteElo "2650"]
[BlackElo "2524"]
[WhiteFideId "1204297"]
[BlackFideId "12100196"]
[EventDate "2012.01.24"]

1. c4 Nf6 2. Nc3 e5 3. Nf3 Nc6 4. e3 d5 5. cxd5 Nxd5 6. Bb5 Nxc3 7. bxc3 Bd6 8.
d4 Bd7 9. e4 Qe7 10. O-O O-O 11. Re1 Rad8 12. Rb1 Qe8 13. Qe2 b6 14. Rd1 f6 15.
h3 Kh8 16. Bc4 Na5 17. Bd3 c5 18. dxe5 Bxe5 19. Nxe5 Qxe5 20. Bb2 Ba4 21. Re1
Qd6 22. Bc4 Bc2 23. Rbc1 Bd3 24. Bxd3 Qxd3 25. c4 Nc6 26. Bc3 Ne5 27. Bxe5 fxe5
28. Kf1 Qg3 29. Kg1 Qg5 30. Rcd1 Rd4 31. Rxd4 cxd4 32. Rb1 h6 33. g3 Rc8 34. Kg2
Qd8 35. Qd3 a6 36. Qa3 Rxc4 37. Qxa6 Rc6 38. Rb3 Kh7 39. Qb5 Qc7 40. Rf3 Rf6 41.
Rxf6 gxf6 1/2-1/2

[Event "Gibraltar Open"]
[Site "Caleta ENG"]
[Date "2012.01.29"]
[Round "6.17"]
[White "Khurtsidze, Nino"]
[Black "Gustafsson, Jan"]
[Result "1/2-1/2"]
[WhiteTitle "IM"]
[BlackTitle "GM"]
[WhiteElo "2444"]
[BlackElo "2643"]
[WhiteFideId "13600320"]
[BlackFideId "4625498"]
[EventDate "2012.01.24"]

1. d4 Nf6 2. c4 e6 3. Nc3 Bb4 4. e3 O-O 5. Bd3 d5 6. Ne2 dxc4 7. Bxc4 c5 8. O-O
cxd4 9. Nxd4 Bxc3 10. bxc3 Qc7 11. Qb3 a6 12. Ba3 Re8 13. Rfd1 e5 14. Nf3 b5 15.
Be2 Be6 16. Qc2 Bd5 17. Ng5 e4 18. Nh3 Nbd7 19. Nf4 Bc4 20. Bd6 Qc6 21. Bxc4
Qxc4 22. a4 Rac8 23. axb5 axb5 24. Qb2 Nb6 25. Bb4 Na4 26. Qe2 Nxc3 27. Bxc3
Qxc3 28. Qxb5 Qe5 29. Qxe5 Rxe5 30. Rac1 Rxc1 1/2-1/2

[Event "Gibraltar Open"]
[Site "Caleta ENG"]
[Date "2012.01.29"]
[Round "6.25"]
[White "Fridman, Daniel"]
[Black "Graf, Felix"]
[Result "1-0"]
[WhiteTitle "GM"]
[WhiteElo "2660"]
[BlackElo "2367"]
[WhiteFideId "11600454"]
[BlackFideId "24608904"]
[EventDate "2012.01.24"]

1. c4 Nf6 2. Nc3 e5 3. Nf3 Nc6 4. g3 Bc5 5. Bg2 O-O 6. O-O a6 7. Nxe5 Nxe5 8. d4
Bxd4 9. Qxd4 Re8 10. Rd1 h6 11. b3 a5 12. Bb2 Ra6 13. Rac1 d6 14. c5 Ned7 15.
Ne4 d5 16. Nc3 c6 17. e4 Qe7 18. exd5 Qxc5 19. Qd2 Qd6 20. h3 Ne5 21. Qf4 Qf8
22. dxc6 bxc6 23. Na4 Ng6 24. Qd4 Nd5 25. Re1 Rd8 26. Rcd1 f6 27. Nb6 Kh8 28.
Nxc8 Rxc8 29. Qd3 1-0

[Event "Gibraltar Open"]
[Site "Caleta ENG"]
[Date "2012.01.29"]
[Round "6.26"]
[White "Vojinovic, Jovana"]
[Black "Iturrizaga, Eduardo"]
[Result "0-1"]
[WhiteTitle "WGM"]
[BlackTitle "GM"]
[WhiteElo "2359"]
[BlackElo "2649"]
[WhiteFideId "937266"]
[BlackFideId "3901211"]
[EventDate "2012.01.24"]

1. Nf3 c5 2. c4 g6 3. e4 Nc6 4. d4 cxd4 5. Nxd4 Nf6 6. Nc3 d6 7. Be2 Nxd4 8.
Qxd4 Bg7 9. Be3 O-O 10. Qd2 a5 11. Rd1 Bd7 12. c5 Bc6 13. f3 dxc5 14. Qxd8 Rfxd8
15. Rxd8+ Rxd8 16. Bxc5 e6 17. Bb6 Ra8 18. Kf2 Nd7 19. Be3 a4 20. Rc1 Ra5 21.
Rc2 Kf8 22. Nb1 f5 23. Nd2 Ke7 24. h3 Bf6 25. b4 axb3 26. Nxb3 Ra3 27. exf5 gxf5
28. g4 Bd5 29. Bc1 Ra8 30. Bd2 Be5 31. Bd3 f4 32. h4 h6 33. Ke2 Bd6 34. Kf2 b6
35. Be2 Nc5 36. Nc1 e5 37. Bc4 Bb7 38. Ne2 Ne6 39. Bb3 Bc5+ 40. Kg2 Rg8 41. Rxc5
bxc5 42. Kf2 Rd8 43. Ba5 Rd3 44. Ng1 Nd4 45. Bc4 Ra3 46. Bb6 Kd6 47. g5 hxg5 48.
hxg5 Bd5 0-1

[Event "Gibraltar Open"]
[Site "Caleta ENG"]
[Date "2012.01.29"]
[Round "6.29"]
[White "Gislason, Gudmundur"]
[Black "Korchnoi, Viktor"]
[Result "1-0"]
[BlackTitle "GM"]
[WhiteElo "2332"]
[BlackElo "2558"]
[WhiteFideId "2300559"]
[BlackFideId "1300016"]
[EventDate "2012.01.24"]

1. d4 Nf6 2. Nf3 g6 3. g3 b5 4. Bg2 Bb7 5. c3 e6 6. Qd3 a6 7. Bg5 c5 8. e4 h6 9.
Bxf6 Qxf6 10. Nbd2 cxd4 11. cxd4 Nc6 12. O-O Be7 13. a3 d5 14. Rac1 O-O 15. e5
Qg7 16. Nb3 Rac8 17. Rc2 g5 18. h3 h5 19. Rfc1 g4 20. hxg4 hxg4 21. Nh2 Kh8 22.
f3 gxf3 23. Bxf3 Bg5 24. Ng4 Qg6 25. Rd1 Kg7 26. Nc5 Ne7 27. Qxg6+ Nxg6 28. Rh2
Rc7 29. Rh5 Be7 30. b4 Rh8 31. Rxh8 Nxh8 32. Kf2 Bg5 33. Be2 Ng6 34. Bd3 Bc8 35.
Rh1 Ra7 36. a4 bxa4 37. Ra1 Ne7 38. Nxa4 Nc6 39. Rh1 Nxb4 40. Bb1 Bd7 41. Nc5
Be7 42. Rh7+ Kf8 43. Nf6 Bxc5 44. dxc5 Bb5 45. g4 Ke7 46. g5 Nc6 47. g6 Nxe5 48.
g7 Ra8 49. g8=Q Rxg8 50. Nxg8+ Kd7 51. Nh6 Kc6 52. Nxf7 Nxf7 53. Rxf7 Kxc5 54.
Ke3 a5 55. Re7 Bc4 56. Kd2 d4 57. Bd3 Bd5 58. Ra7 Kb4 59. Ra6 Bb3 60. Rb6+ Ka3
61. Kc1 a4 62. Kb1 Ba2+ 63. Ka1 Bb3 64. Be4 Bc4 65. Rd6 e5 66. Rb6 Be2 67. Bc6
Bd3 68. Rb8 e4 69. Rd8 Kb4 70. Bxe4 1-0

[Event "Gibraltar Open"]
[Site "Caleta ENG"]
[Date "2012.01.29"]
[Round "6.32"]
[White "Georgiadis, Nico"]
[Black "Kanep, Meelis"]
[Result "0-1"]
[WhiteTitle "FM"]
[BlackTitle "GM"]
[WhiteElo "2291"]
[BlackElo "2509"]
[WhiteFideId "1300113"]
[BlackFideId "4501047"]
[EventDate "2012.01.24"]

1. e4 c5 2. Nf3 Nc6 3. d4 cxd4 4. Nxd4 Qb6 5. Nb3 Nf6 6. Nc3 e6 7. a3 Be7 8. Bf4
d5 9. exd5 Nxd5 10. Nxd5 exd5 11. Qxd5 Bf6 12. Qe4+ Be6 13. O-O-O O-O 14. Be3
Qc7 15. Bc4 Bxc4 16. Qxc4 Rac8 17. Bf4 Qb6 18. Be3 Na5 19. Bxb6 Bxb2+ 20. Kxb2
Nxc4+ 21. Ka2 Nxb6 22. Rd2 g6 23. Re1 Rc7 24. f3 Rfc8 25. Ree2 Na4 26. Rf2 Re8
27. Rf1 Kg7 28. Ka1 Nb6 29. Ka2 Nc4 30. Rdf2 Re6 31. Nd2 Ne3 32. Rc1 Rec6 33. c4
Nxc4 34. Nxc4 Rxc4 35. Rxc4 Rxc4 36. Kb2 Kf6 37. Re2 h5 38. Rd2 Rc7 39. Rd4 Kf5
40. Re4 g5 41. h3 h4 42. a4 f6 43. Ka1 b6 44. Kb2 Rc6 45. Rd4 Re6 46. Rd2 Kf4
47. Rd4+ Kg3 0-1

[Event "Gibraltar Open"]
[Site "Caleta ENG"]
[Date "2012.01.29"]
[Round "6.33"]
[White "Baron, Tal"]
[Black "Phadke, Sohan"]
[Result "1-0"]
[WhiteTitle "GM"]
[WhiteElo "2498"]
[BlackElo "2290"]
[WhiteFideId "2809958"]
[BlackFideId "5016223"]
[EventDate "2012.01.24"]

1. Nf3 d5 2. d4 c5 3. c4 e6 4. cxd5 exd5 5. g3 Nf6 6. Bg2 Nc6 7. O-O Be7 8. Nc3
O-O 9. Bf4 Bg4 10. dxc5 Bxc5 11. Rc1 a6 12. Ne5 Nxe5 13. Bxe5 Be6 14. Na4 Ba7
15. Bd4 Bxd4 16. Qxd4 Rc8 17. Nb6 Rc6 18. Rxc6 bxc6 19. Rc1 Qc7 20. Qc5 Rb8 21.
Na4 Bd7 22. e3 h6 23. b3 Qe5 24. Qa7 Re8 25. Qxa6 Ng4 26. Qa7 Qh5 27. Qxd7 Re6
28. Qd8+ Kh7 29. Qh4 Qf5 30. Rf1 d4 31. e4 1-0

[Event "Gibraltar Open"]
[Site "Caleta ENG"]
[Date "2012.01.29"]
[Round "6.34"]
[White "Dvirnyy, Daniyyl"]
[Black "Tabatt, Hendrik"]
[Result "1/2-1/2"]
[WhiteTitle "IM"]
[WhiteElo "2492"]
[BlackElo "2281"]
[WhiteFideId "817570"]
[BlackFideId "4653572"]
[EventDate "2012.01.24"]

1. e4 e5 2. Nf3 Nc6 3. Bb5 a6 4. Ba4 Nf6 5. O-O Bc5 6. Bxc6 dxc6 7. d3 Qe7 8.
Be3 O-O 9. h3 Bxe3 10. fxe3 Ne8 11. Nc3 Nd6 12. Qe1 Bd7 13. Nh4 Rad8 14. Kh2 Bc8
15. g4 f6 16. Qg3 Kh8 17. Rf2 Nb5 18. Nxb5 cxb5 19. Raf1 b4 20. g5 fxg5 21. Nf3
Rf6 22. Nxe5 Rdf8 23. d4 Kg8 24. Rf3 Qd8 25. Nd3 a5 26. e5 Rf5 27. R3f2 b6 28.
Qg2 Rxf2 29. Rxf2 Bf5 30. e4 Bc8 31. Rxf8+ Kxf8 32. d5 Qe7 33. Qg3 Ba6 34. Nf2
Ke8 35. Kg2 h6 36. e6 Qd6 37. Qf3 Qf8 38. Qg3 Kd8 39. Qe5 Be2 40. Qg3 Qc5 41. c3
bxc3 42. bxc3 Qf8 43. Qe3 Bc4 44. Qd2 Qf6 45. a3 Ke7 46. Qe3 1/2-1/2